00304nam a22001337a 4500003000400000008004100004020001800045082001600063100001800079245002900097250001100126260002500137300000800162OSt240410b |||||||| |||| 00| 0 eng d a9789388176675 a005.369 NID aNIGAM,Manisha aData Analysis With Excel a1st Ed aNew DelhibBPBc2023 a332